Statistics for Λαχανικά χωρίς φωνήεντα

Click here to take the quiz!

General Stats

  • This quiz has been taken 82 times
  • The average score is 18 of 20

Answer Stats

HintAnswer% Correct
ΚΡΤΚαρότο
100%
ΛΧΝΛάχανο
100%
ΜΡΛΜαρούλι
100%
ΝΤΜΤΝτομάτα
100%
ΜΠΡΚΛΜπρόκολο
99%
ΚΛΚΘΚολοκύθι/Κολοκύθα
97%
ΡΠΝΚΡαπανάκι
96%
ΛΜΝΛεμόνι
93%
ΚΡΜΜΔΚρεμμύδι
92%
ΣΚΡΔΣκόρδο
92%
ΠΝΤΖΡΠαντζάρι
92%
ΣΛΝΣέλινο
91%
ΚΝΠΔΚουνουπίδι
91%
ΜΛΤΖΝΜελιτζάνα
91%
ΠΤΤΠατάτα
87%
ΠΠΡΠιπεριά
87%
ΓΓΡΑγγούρι
84%
ΓΚΝΡΑγκινάρα
71%
ΡΚΣΑρακάς
51%
ΓΓΓΛΓογγύλι
51%

Score Distribution

Percentile by Number Answered

Percent of People with Each Score

Your Score History

You have not taken this quiz